Sports Teams with 'Man'-ly Logos Quiz Stats

 Plays Quiz Updated Oct 11, 2015

Score 0/8 Timer 02:00
21 Plays Today
Team % Correct
No Primary Logos Featuring Humans
99.8%
New England Patriots
78%
Oakland Raiders
72.5%
Washington Redskins
58.9%
Boston Celtics
52.4%
Minnesota Vikings
46.9%
Chicago Blackhawks
37.8%
Ottawa Senators
29.2%

You're not logged in!

Compare scores with friends on all Sporcle quizzes.
OR
Log In

Sporcle TV

Today on Sporcle TV


Watch our educational content, quiz creation guides, and fun videos on Sporcle TV.

Show Comments

Extras

Top Quizzes Today


Score Distribution

Your Account Isn't Verified!

In order to create a playlist on Sporcle, you need to verify the email address you used during registration. Go to your Sporcle Settings to finish the process.

Report this User

Report this user for behavior that violates our Community Guidelines.

Details: